000 02817nam a2200445 a 4500
001 ebr10211064
003 CaPaEBR
006 m u
007 cr cn|||||||||
008 060601s2007 enk sb 001 0 eng
010 _z 2006017670
015 _aGBA683931
_2bnb
016 7 _z013567706
_2Uk
020 _z0754654354 (alk. paper)
020 _z9780754654353 (alk. paper)
040 _aCaPaEBR
_cCaPaEBR
035 _a(OCoLC)320322727
050 1 4 _aPR858.U7
_bG46 2007eb
082 0 4 _a820.9/372
_222
245 0 0 _aGender and utopia in the eighteenth century
_h[electronic resource] :
_bessays in English and French utopian writing /
_cedited by Nicole Pohl and Brenda Tooley.
246 3 _aGender and utopia in the 18th century
260 _aAldershot, England ;
_aBurlington, VT :
_bAshgate,
_cc2007.
300 _aviii, 197 p.
504 _aIncludes bibliographical references (p. [179]-193) and index.
505 0 _aUtopian exchanges : negotiating difference in utopia / Lee Cullen Khanna -- A fragile utopia of sensibility : David Simple / Joseph F. Bartolomeo -- Gothic utopia : heretical sanctuary in Ann Radcliffe's The Italian / Brenda Tooley -- Rewriting Rousseau : Isabelle de Charri�ere's domestic dystopia / Caroline Weber -- Utopia in the seraglio : feminist hermeneutics and Montesquieu's Lettres persanes / Mary McAlpin -- Transparency and the enlightenment body : utopian space in Sarah Scott's Millenium hall and De Sade's The 120 days of Sodom / Ana M. Acosta -- The emperess of the world : gender and the voyage utopia / Nicole Pohl -- A man might find every thing in your country : improvement, patriarchy and gender in Robert Paltock's The life and adventures of Peter Wilkins / Elizabeth Hagglund and Jonathan Laidlow -- Generating regenerated generations : race, kinship and sexuality in Henry Neville's Isle of pines (1668) / Seth Denbo -- Thinking globally, acting locally : enlightenment utopianism for 21st-century feminists? / Alessa Johns.
533 _aElectronic reproduction.
_bPalo Alto, Calif. :
_cebrary,
_d2013.
_nAvailable via World Wide Web.
_nAccess may be limited to ebrary affiliated libraries.
650 0 _aUtopias in literature.
650 0 _aEnglish fiction
_y18th century
_xHistory and criticism.
650 0 _aFrench literature
_y18th century
_xHistory and criticism.
650 0 _aWomen in literature.
650 0 _aSex role in literature.
650 0 _aFeminism in literature.
650 0 _aFemininity in literature.
650 0 _aDystopias in literature.
655 7 _aElectronic books.
_2local
700 1 _aPohl, Nicole,
_d1961-
700 1 _aTooley, Brenda.
710 2 _aebrary, Inc.
856 4 0 _uhttp://site.ebrary.com/lib/rucke/Doc?id=10211064
_zAn electronic book accessible through the World Wide Web; click to view
999 _c227452
_d227452